Ładuje się......

Carbonaceous adsorbents for the treatment of ground and surface waters

Opis bibliograficzny
1. autor: Neely, James W.
Kolejni autorzy: Isacoff, Eric G.
Format: Printed Book
Język:English
Wydane: New York Marcel Dekker 1982
Hasła przedmiotowe:
LEADER 00610nam a22001817a 4500
005 20151026130419.0
008 091221t xxu||||| |||| 00| 0 eng d
020 |a 0-8247-1832-1 
080 |a 628.16  |b NEE 
100 |a Neely, James W.   |9 10332 
245 |a Carbonaceous adsorbents for the treatment of ground and surface waters 
260 |a New York  |b Marcel Dekker  |c 1982  |9 4081 
300 |a 228p.  
653 |a Water treatment 
700 |a Isacoff, Eric G.   |9 10333 
942 |c BK  |6 _ 
999 |c 4837  |d 4837 
952 |0 0  |1 0  |2 udc  |4 0  |6 62816_NEE  |7 0  |9 16117  |a UL  |b UL  |d 2009-12-21  |o 628.16 NEE  |p 00027908  |r 2009-12-21  |w 2009-12-21  |y BK